| 000 | 00579nam a2200181Ia 4500 | ||
|---|---|---|---|
| 008 | 151018s9999 xx 000 0 und d | ||
| 082 |
_bRBASDV31343 _a891.431 |
||
| 100 | _aअशोक लव | ||
| 245 | _aपत्थरोंसे बंधे पंख | ||
| 250 | _b1 | ||
| 260 |
_bसंजीव प्रकाशन _c1996 |
||
| 300 | _a96 | ||
| 600 | _aअशोक लव | ||
| 630 | _aपत्थरोंसे बंधे पंख | ||
| 700 | _aअशोक लव | ||
| 730 | _aपत्थरोंसे बंधे पंख | ||
| 942 | _cBOOK | ||
| 999 |
_c1030876 _d1030873 |
||